[Event "SVK-chT2B 2324"]
[Site "Slovakia"]
[Date "2023.10.08"]
[Round "2.5"]
[White "Cervenka, Peter"]
[Black "Pytlik, Pavol"]
[Result "1/2-1/2"]
[WhiteElo "1742"]
[BlackElo "2002"]
[PlyCount "34"]
[EventDate "2023.10.07"]
[EventType "team-tourn"]
[EventRounds "11"]
[EventCountry "SVK"]
[SourceTitle "EXT 2025"]
[Source "ChessBase"]
[SourceDate "2024.10.14"]
[SourceVersion "1"]
[SourceVersionDate "2024.10.14"]
[SourceQuality "1"]
[WhiteTeam "Surany"]
[BlackTeam "Trencin"]
[WhiteTeamCountry "SVK"]
[BlackTeamCountry "SVK"]

1. e4 e6 2. d4 d5 3. exd5 exd5 4. Nf3 Nf6 5. Be2 Bd6 6. Bg5 h6 7. Bh4 0-0 8. 0-0 c6 9. Nbd2 Bf5 10. Ne5 Nbd7 11. f4 Qb6 12. Nb3 Be4 13. Kh1 Qc7 14. c3 a5 15. Nd2 Bh7 16. c4 dxc4 17. Ndxc4 Nd5 1/2-1/2

[Event "SVK-chB op"]
[Site "Bratislava"]
[Date "2023.07.09"]
[Round "9"]
[White "Sturc, Jan"]
[Black "Pytlik, Pavol"]
[Result "0-1"]
[WhiteElo "1932"]
[BlackElo "2005"]
[PlyCount "90"]
[EventDate "2023.07.01"]
[EventType "swiss"]
[EventRounds "9"]
[EventCountry "SVK"]
[SourceTitle "CBM 215 Extra"]
[Source "ChessBase"]
[SourceDate "2023.09.30"]
[SourceVersion "1"]
[SourceVersionDate "2023.09.30"]
[SourceQuality "1"]

1. e4 e6 2. d4 d5 3. Nc3 Nf6 4. Bg5 Be7 5. e5 Nfd7 6. h4 Bxg5 7. hxg5 Qxg5 8. Nh3 Qh4 9. g3 Qe7 10. Bd3 Nf8 11. Qg4 g6 12. Nxd5 h5 13. Nxe7 hxg4 14. Nxc8 gxh3 15. Nxa7 Rxa7 16. a3 Nfd7 17. f4 c5 18. Bb5 Nc6 19. dxc5 Nxc5 20. 0-0 Ke7 21. c3 Raa8 22. Kh2 Rad8 23. Rad1 Ne4 24. Bxc6 bxc6 25. Rd4 Rxd4 26. cxd4 Nd2 27. Rc1 Nf3+ 28. Kh1 Nxd4 29. b4 Ra8 30. Rc4 Nf5 31. g4 Ne3 32. Rxc6 Nxg4 33. Rc7+ Kf8 34. Rc3 Rd8 35. Rg3 Rd1+ 36. Rg1 Rxg1+ 37. Kxg1 Ke8 38. a4 Kd7 39. a5 Kc6 40. a6 Kb6 41. b5 Ka7 42. Kh1 Nf2+ 43. Kh2 Nd3 44. Kxh3 Nxf4+ 45. Kg4 Nd3 0-1

[Event "SVK-chB op"]
[Site "Bratislava"]
[Date "2023.07.08"]
[Round "8"]
[White "Pytlik, Pavol"]
[Black "Ruckschloss, Karol"]
[Result "1/2-1/2"]
[WhiteElo "2005"]
[BlackElo "2129"]
[PlyCount "27"]
[EventDate "2023.07.01"]
[EventType "swiss"]
[EventRounds "9"]
[EventCountry "SVK"]
[SourceTitle "CBM 215 Extra"]
[Source "ChessBase"]
[SourceDate "2023.09.30"]
[SourceVersion "1"]
[SourceVersionDate "2023.09.30"]
[SourceQuality "1"]

1. e4 e6 2. d4 d5 3. exd5 exd5 4. Bd3 Bd6 5. Nf3 Nf6 6. 0-0 0-0 7. Bg5 Bg4 8. Nbd2 Nbd7 9. Re1 c6 10. c3 Qc7 11. Qc2 Bh5 12. Bh4 Bg6 13. Bg3 Rfe8 14. Rxe8+ 1/2-1/2

[Event "SVK-chT1W 2122"]
[Site "Slovakia"]
[Date "2022.04.23"]
[Round "8.5"]
[White "Bottyan, Peter"]
[Black "Pytlik, Pavol"]
[Result "1-0"]
[WhiteElo "2166"]
[BlackElo "2030"]
[PlyCount "83"]
[EventDate "2021.11.06"]
[EventType "team-tourn"]
[EventRounds "11"]
[EventCountry "SVK"]
[SourceTitle "EXT 2023"]
[Source "ChessBase"]
[SourceDate "2022.10.05"]
[SourceVersion "1"]
[SourceVersionDate "2022.10.05"]
[SourceQuality "1"]
[WhiteTeam "Komarno"]
[BlackTeam "Bratislava Lokomotiva"]
[WhiteTeamCountry "SVK"]
[BlackTeamCountry "SVK"]

1. d4 Nf6 2. Nf3 d6 3. g3 g6 4. Bg2 Bg7 5. 0-0 0-0 6. c3 Nbd7 7. Na3 e5 8. dxe5 Nxe5 9. Nxe5 dxe5 10. Qxd8 Rxd8 11. Nc4 Ne8 12. Be3 Bg4 13. Bxb7 Bxe2 14. Bxa8 Bxc4 15. Bf3 Bxf1 16. Kxf1 a5 17. Rd1 Rxd1+ 18. Bxd1 Kf8 19. Bc5+ Nd6 20. b4 axb4 21. cxb4 Ke8 22. Ba4+ Kd8 23. Bc6 Kc8 24. Ke2 Nb7 25. Be7 Nd6 26. Kd3 Kb8 27. a4 f5 28. f3 Nc8 29. Bc5 Bf6 30. Kc4 Ne7 31. b5 g5 32. g4 Nxc6 33. bxc6 e4 34. fxe4 fxg4 35. Kd5 h5 36. e5 Bd8 37. Ke4 h4 38. e6 g3 39. hxg3 h3 40. Bg1 Be7 41. Kf5 Bc5 42. Bxc5 1-0

[Event "SVK-chT2B 1920"]
[Site "Slovakia"]
[Date "2020.01.26"]
[Round "7.2"]
[White "Pytlik, Pavol"]
[Black "Chovanec, Milan"]
[Result "1/2-1/2"]
[WhiteElo "2084"]
[BlackElo "2090"]
[PlyCount "88"]
[EventDate "2019.10.26"]
[EventType "team-tourn"]
[EventRounds "11"]
[EventCountry "SVK"]
[SourceTitle "CBM 194 Extra"]
[Source "ChessBase"]
[SourceDate "2020.03.31"]
[SourceVersion "1"]
[SourceVersionDate "2020.03.31"]
[SourceQuality "1"]
[WhiteTeam "Trencin"]
[BlackTeam "Povazske Podhradie"]
[WhiteTeamCountry "SVK"]
[BlackTeamCountry "SVK"]

1. g3 e5 2. Bg2 d5 3. d3 Nf6 4. Nd2 Bc5 5. h3 Nc6 6. e3 0-0 7. Ne2 Be6 8. 0-0 Qd7 9. Kh2 a5 10. c3 h6 11. d4 Bd6 12. f4 exf4 13. exf4 Bf5 14. Nf3 Be4 15. Neg1 Qf5 16. Nh4 Qh7 17. Ngf3 a4 18. Ne5 Bxg2 19. Kxg2 Ne4 20. Qd3 Ne7 21. f5 g5 22. fxg6 fxg6 23. Be3 c6 24. Nd7 Rxf1 25. Rxf1 g5 26. Nf3 Nf5 27. Nfe5 Bxe5 28. Nxe5 Nexg3 29. Rf3 Ne4 30. Bf2 Rf8 31. c4 Nfd6 32. Rxf8+ Kxf8 33. cxd5 cxd5 34. Qa3 Qf5 35. Bg3 b5 36. Ng4 Qe6 37. Qf3+ Qf5 38. Nxh6 Qxf3+ 39. Kxf3 Nxg3 40. Kxg3 Kg7 41. Ng4 Nf5+ 42. Kf2 Kf7 43. Ne5+ Kf6 44. Nf3 Nd6 1/2-1/2

[Event "SVK-chT1W 1920"]
[Site "Slovakia"]
[Date "2020.01.25"]
[Round "7.6"]
[White "Pytlik, Pavol"]
[Black "Kubala, Jan"]
[Result "1/2-1/2"]
[WhiteElo "2063"]
[BlackElo "2176"]
[PlyCount "60"]
[EventDate "2019.10.12"]
[EventType "team-tourn"]
[EventRounds "11"]
[EventCountry "SVK"]
[SourceTitle "CBM 194 Extra"]
[Source "ChessBase"]
[SourceDate "2020.03.31"]
[SourceVersion "1"]
[SourceVersionDate "2020.03.31"]
[SourceQuality "1"]
[WhiteTeam "Bratislava Lokomotiva"]
[BlackTeam "Bratislava Slovan III"]
[WhiteTeamCountry "SVK"]
[BlackTeamCountry "SVK"]

1. e4 e6 2. d3 d5 3. Nd2 Nf6 4. g3 c5 5. Bg2 Nc6 6. Ne2 Be7 7. 0-0 b6 8. h3 Bb7 9. f4 dxe4 10. dxe4 Nd4 11. c3 Nxe2+ 12. Qxe2 0-0 13. Re1 Qc7 14. e5 Nd5 15. Ne4 c4 16. Be3 Nxe3 17. Qxe3 Rad8 18. Rad1 Bxe4 19. Qxe4 Qc5+ 20. Kh2 Qb5 21. Qc2 Qc5 22. Qe4 Rxd1 23. Rxd1 Qf2 24. b4 cxb3 25. axb3 Qb2 26. Rd7 Bc5 27. b4 Bf2 28. Qd3 Qc1 29. h4 a5 30. Rd8 g6 1/2-1/2

[Event "SVK-chT1W 1920"]
[Site "Slovakia"]
[Date "2019.12.07"]
[Round "5.5"]
[White "Pytlik, Pavol"]
[Black "Vrbova, Niki"]
[Result "1-0"]
[WhiteElo "2063"]
[BlackElo "2154"]
[PlyCount "49"]
[EventDate "2019.10.12"]
[EventType "team-tourn"]
[EventRounds "11"]
[EventCountry "SVK"]
[SourceTitle "CBM 193 Extra"]
[Source "ChessBase"]
[SourceDate "2020.01.31"]
[SourceVersion "1"]
[SourceVersionDate "2020.01.31"]
[SourceQuality "1"]
[WhiteTeam "Bratislava Lokomotiva"]
[BlackTeam "Bratislava Doprastav"]
[WhiteTeamCountry "SVK"]
[BlackTeamCountry "SVK"]

1. e4 c5 2. Nc3 Nc6 3. f4 d6 4. Nf3 g6 5. Bc4 Bg7 6. Ng5 e6 7. 0-0 h6 8. Nf3 Nge7 9. a4 0-0 10. d3 Kh7 11. Qe1 Nd4 12. Nxd4 cxd4 13. Ne2 d5 14. Bb3 dxe4 15. dxe4 d3 16. Ng3 Nc6 17. Qf2 dxc2 18. Bxc2 Bd4 19. Be3 Bxb2 20. Rad1 Qa5 21. f5 Ba3 22. Bxh6 Kxh6 23. Qf4+ g5 24. Qg4 Rh8 25. f6 1-0

[Event "SVK-chT2B 1819"]
[Site "Slovakia"]
[Date "2019.04.07"]
[Round "11.3"]
[White "Bona, Juraj"]
[Black "Pytlik, Pavol"]
[Result "0-1"]
[WhiteElo "1922"]
[BlackElo "2060"]
[PlyCount "72"]
[EventDate "2018.10.13"]
[EventType "team-tourn"]
[EventRounds "11"]
[EventCountry "SVK"]
[SourceTitle "EXT 2020"]
[Source "ChessBase"]
[SourceDate "2019.10.17"]
[SourceVersion "1"]
[SourceVersionDate "2019.10.17"]
[SourceQuality "1"]
[WhiteTeam "Batorove Kosihy II"]
[BlackTeam "Trencin"]
[WhiteTeamCountry "SVK"]
[BlackTeamCountry "SVK"]

1. b4 Nf6 2. Bb2 g6 3. d3 Bg7 4. e4 d6 5. Nd2 0-0 6. f4 c6 7. Ngf3 Qb6 8. Bd4 Qxb4 9. Be2 c5 10. c3 Qa5 11. Nc4 Qc7 12. Bxf6 Bxf6 13. e5 Bg7 14. d4 Bg4 15. Ne3 Bxf3 16. Bxf3 dxe5 17. Nd5 Qd7 18. fxe5 Nc6 19. 0-0 Rad8 20. Kh1 cxd4 21. cxd4 Kh8 22. Rb1 b6 23. Rc1 Rc8 24. Qa4 Nxe5 25. Qxd7 Nxd7 26. Rxc8 Rxc8 27. Nxe7 Rc2 28. h3 f5 29. Nc6 Rxa2 30. Re1 Bf8 31. Re8 Kg7 32. Nd8 Bd6 33. g4 Rh2+ 34. Kg1 Rxh3 35. Kg2 fxg4 36. Bxg4 Rg3+ 0-1

[Event "SVK-chT2B 1819"]
[Site "Slovakia"]
[Date "2019.04.06"]
[Round "10.4"]
[White "Voros, Gellert"]
[Black "Pytlik, Pavol"]
[Result "1/2-1/2"]
[WhiteElo "2161"]
[BlackElo "2060"]
[PlyCount "45"]
[EventDate "2018.10.13"]
[EventType "team-tourn"]
[EventRounds "11"]
[EventCountry "SVK"]
[SourceTitle "EXT 2020"]
[Source "ChessBase"]
[SourceDate "2019.10.17"]
[SourceVersion "1"]
[SourceVersionDate "2019.10.17"]
[SourceQuality "1"]
[WhiteTeam "Komarno II"]
[BlackTeam "Trencin"]
[WhiteTeamCountry "SVK"]
[BlackTeamCountry "SVK"]

1. e4 e6 2. d4 d5 3. Nd2 dxe4 4. Nxe4 Nd7 5. Nf3 Ngf6 6. Nxf6+ Nxf6 7. Bg5 h6 8. Bh4 Be7 9. Bd3 0-0 10. Qe2 c5 11. 0-0 Qb6 12. c3 Rd8 13. Rad1 cxd4 14. Nxd4 Bd7 15. Rfe1 g6 16. Qf3 Kg7 17. Re3 Nd5 18. Bxe7 Nxe7 19. Qe2 Nf5 20. Nxf5+ exf5 21. h4 Re8 22. Re1 Rxe3 23. fxe3 1/2-1/2

[Event "SVK-chT2B 1819"]
[Site "Slovakia"]
[Date "2019.03.03"]
[Round "9.3"]
[White "Pytlik, Pavol"]
[Black "Laho, Maros"]
[Result "1/2-1/2"]
[WhiteElo "2059"]
[BlackElo "2026"]
[PlyCount "111"]
[EventDate "2018.10.13"]
[EventType "team-tourn"]
[EventRounds "11"]
[EventCountry "SVK"]
[SourceTitle "CBM 189 Extra"]
[Source "ChessBase"]
[SourceDate "2019.05.31"]
[SourceVersion "1"]
[SourceVersionDate "2019.05.31"]
[SourceQuality "1"]
[WhiteTeam "Trencin"]
[BlackTeam "Surany"]
[WhiteTeamCountry "SVK"]
[BlackTeamCountry "SVK"]

1. e4 e6 2. d3 c5 3. Nc3 Nc6 4. f4 d5 5. Nf3 dxe4 6. Nxe4 Nf6 7. Be3 Be7 8. Qd2 b6 9. g3 Bb7 10. Bg2 Qc7 11. 0-0-0 Nb4 12. Nxf6+ Bxf6 13. a3 Nd5 14. Rhe1 0-0 15. Ne5 Nxe3 16. Rxe3 Rfd8 17. Bxb7 Qxb7 18. Qe2 g6 19. h4 Rd4 20. h5 Rad8 21. hxg6 hxg6 22. Re1 b5 23. Qg4 Kg7 24. Qf3 Qxf3 25. Nxf3 R4d5 26. Ne5 Rh8 27. c4 bxc4 28. dxc4 Rd4 29. b3 Bxe5 30. Rxe5 Rd3 31. R1e3 Rxe3 32. Rxe3 Rh2 33. b4 cxb4 34. axb4 Ra2 35. Kb1 Ra4 36. Rb3 Kf6 37. Kb2 e5 38. fxe5+ Kxe5 39. Kc3 Ra2 40. b5 Ra4 41. b6 axb6 42. Rxb6 Ra3+ 43. Rb3 Rxb3+ 44. Kxb3 f5 45. c5 Kd5 46. Kb4 g5 47. Kb5 f4 48. gxf4 gxf4 49. c6 f3 50. c7 f2 51. c8Q f1Q+ 52. Kb6 Qb1+ 53. Ka7 Qa2+ 54. Kb8 Qb3+ 55. Qb7+ Qxb7+ 56. Kxb7 1/2-1/2

[Event "SVK-chT2B 1819"]
[Site "Slovakia"]
[Date "2019.02.03"]
[Round "7.3"]
[White "Pytlik, Pavol"]
[Black "Podoba, Milan"]
[Result "1/2-1/2"]
[WhiteElo "2059"]
[BlackElo "2078"]
[PlyCount "42"]
[EventDate "2018.10.13"]
[EventType "team-tourn"]
[EventRounds "11"]
[EventCountry "SVK"]
[SourceTitle "CBM 189 Extra"]
[Source "ChessBase"]
[SourceDate "2019.05.31"]
[SourceVersion "1"]
[SourceVersionDate "2019.05.31"]
[SourceQuality "1"]
[WhiteTeam "Trencin"]
[BlackTeam "Povazske Podhradie"]
[WhiteTeamCountry "SVK"]
[BlackTeamCountry "SVK"]

1. e4 e6 2. d3 d5 3. Nd2 Nf6 4. g3 c5 5. Bg2 Nc6 6. Ngf3 Be7 7. 0-0 0-0 8. Re1 b5 9. e5 Nd7 10. Nf1 b4 11. h4 a5 12. N1h2 Ba6 13. Ng4 a4 14. h5 h6 15. Bf4 Re8 16. Qd2 Bf8 17. Ngh2 f6 18. Ng4 fxe5 19. Nfxe5 Ndxe5 20. Nxe5 Nxe5 21. Bxe5 Bd6 1/2-1/2

[Event "SVK-chT2B 1819"]
[Site "Slovakia"]
[Date "2018.10.13"]
[Round "1.3"]
[White "Kovac, Lubomir2"]
[Black "Pytlik, Pavol"]
[Result "1/2-1/2"]
[WhiteElo "2102"]
[BlackElo "2059"]
[PlyCount "71"]
[EventDate "2018.10.13"]
[EventType "team-tourn"]
[EventRounds "11"]
[EventCountry "SVK"]
[SourceTitle "CBM 187 Extra"]
[Source "ChessBase"]
[SourceDate "2018.11.04"]
[SourceVersion "1"]
[SourceVersionDate "2018.11.04"]
[SourceQuality "1"]
[WhiteTeam "Levice"]
[BlackTeam "Trencin"]
[WhiteTeamCountry "SVK"]
[BlackTeamCountry "SVK"]

1. e4 e6 2. d4 d5 3. Nd2 dxe4 4. Nxe4 Nd7 5. Nf3 Ngf6 6. Nxf6+ Nxf6 7. c3 Be7 8. Bd3 0-0 9. 0-0 b6 10. Qe2 Bb7 11. Bg5 h6 12. Bxf6 Bxf6 13. Be4 Bxe4 14. Qxe4 Qd5 15. Qe3 Rfd8 16. h3 Rd7 17. Rfd1 Rad8 18. Rd2 c5 19. dxc5 Qxc5 20. Qxc5 bxc5 21. Rad1 Rd5 22. Kf1 Kf8 23. Ke2 Ke7 24. Rxd5 exd5 25. Kd3 Kd6 26. Re1 Rc8 27. Re2 h5 28. Kc2 g6 29. b3 a5 30. Nd2 a4 31. c4 axb3+ 32. axb3 Ra8 33. cxd5 Kxd5 34. f3 Ra7 35. Kd3 Ra3 36. Kc2 1/2-1/2

[Event "SVK-chT1W 1718"]
[Site "Slovakia"]
[Date "2017.12.03"]
[Round "6.6"]
[White "Pytlik, Pavol"]
[Black "Janos, Martin"]
[Result "1-0"]
[WhiteElo "2064"]
[BlackElo "2221"]
[PlyCount "61"]
[EventDate "2017.10.21"]
[EventType "team-tourn"]
[EventRounds "11"]
[EventCountry "SVK"]
[SourceTitle "EXT 2019"]
[Source "ChessBase"]
[SourceDate "2018.10.10"]
[SourceVersion "1"]
[SourceVersionDate "2018.10.10"]
[SourceQuality "1"]
[WhiteTeam "Bratislava Lokomotiva"]
[BlackTeam "Bratislava Slovan II"]
[WhiteTeamCountry "SVK"]
[BlackTeamCountry "SVK"]

1. e4 c5 2. Nc3 Nc6 3. f4 e6 4. Nf3 d5 5. d3 f5 6. exf5 exf5 7. d4 Nf6 8. Bb5 a6 9. Bxc6+ bxc6 10. Qe2+ Be7 11. dxc5 0-0 12. Be3 Re8 13. Ne5 Qc7 14. 0-0-0 a5 15. a4 Ba6 16. Qf2 Rab8 17. h3 Bc8 18. Rhg1 Qb7 19. b3 Be6 20. Bd4 Rec8 21. g4 Qa7 22. gxf5 Bxf5 23. Rxg7+ Kxg7 24. Rg1+ Bg6 25. f5 Rb4 26. fxg6 h5 27. Nd3 Qd7 28. Nxb4 axb4 29. Ne2 Rf8 30. Ng3 Kg8 31. Nf5 1-0

[Event "SVK-chT2B 1718"]
[Site "Slovakia"]
[Date "2017.11.25"]
[Round "3.3"]
[White "Pytlik, Pavol"]
[Black "Chovanec, Milan"]
[Result "1/2-1/2"]
[WhiteElo "2079"]
[BlackElo "2103"]
[PlyCount "80"]
[EventDate "2017.10.28"]
[EventType "team-tourn"]
[EventRounds "11"]
[EventCountry "SVK"]
[SourceTitle "CBM 181 Extra"]
[Source "ChessBase"]
[SourceDate "2017.12.12"]
[SourceVersion "1"]
[SourceVersionDate "2017.12.12"]
[SourceQuality "1"]
[WhiteTeam "Trencin"]
[BlackTeam "Povazska Bystrica"]
[WhiteTeamCountry "SVK"]
[BlackTeamCountry "SVK"]

1. e4 e5 2. Nc3 Nf6 3. g3 Bc5 4. Bg2 0-0 5. Nge2 Nc6 6. 0-0 a6 7. Nd5 Nxd5 8. exd5 Nd4 9. Nxd4 Bxd4 10. c3 Ba7 11. d3 d6 12. Be3 Bf5 13. Bxa7 Rxa7 14. f4 exf4 15. Rxf4 Qd7 16. Be4 Bxe4 17. dxe4 Raa8 18. Qd4 f6 19. Raf1 b6 20. h4 Rae8 21. Kg2 Re5 22. Rf5 Rfe8 23. Rxe5 Rxe5 24. Rf4 Qb5 25. Rf2 Qe8 26. Qc4 Qe7 27. Qxa6 Rxe4 28. Qc8+ Kf7 29. Qf5 g6 30. Qf3 Qe5 31. Rd2 Re3 32. Qf4 Re2+ 33. Rxe2 Qxe2+ 34. Kh3 h5 35. Qh6 Qf1+ 36. Kh2 Qf2+ 37. Kh3 Qf5+ 38. Kh2 Qc2+ 39. Kh3 Qe4 40. Kh2 Qc2+ 1/2-1/2

[Event "SVK-chT2B 1718"]
[Site "Slovakia"]
[Date "2017.10.28"]
[Round "1.2"]
[White "Pytlik, Pavol"]
[Black "Jurik, Karol"]
[Result "1-0"]
[WhiteElo "2079"]
[BlackElo "1878"]
[PlyCount "89"]
[EventDate "2017.10.28"]
[EventType "team-tourn"]
[EventRounds "11"]
[EventCountry "SVK"]
[SourceTitle "CBM 181 Extra"]
[Source "ChessBase"]
[SourceDate "2017.12.12"]
[SourceVersion "1"]
[SourceVersionDate "2017.12.12"]
[SourceQuality "1"]
[WhiteTeam "Trencin"]
[BlackTeam "Lehota pod Vtacnikom"]
[WhiteTeamCountry "SVK"]
[BlackTeamCountry "SVK"]

1. Nf3 c5 2. g3 Nc6 3. Bg2 Nf6 4. 0-0 g6 5. d3 Bg7 6. c3 0-0 7. e4 d6 8. Nbd2 Qc7 9. Re1 e5 10. Nf1 Kh8 11. Bd2 Ng8 12. Nh4 Nge7 13. Ne3 Be6 14. Nd5 Qd7 15. Qc1 Ng8 16. f4 exf4 17. Bxf4 Ne5 18. Qd2 f6 19. Nf3 Ne7 20. Nxe7 Qxe7 21. b3 Rad8 22. d4 Nxf3+ 23. Bxf3 b6 24. Re2 Bc8 25. Rae1 g5 26. Be3 Qe6 27. Qc2 Qf7 28. Bg2 Qg6 29. Qc1 h6 30. Bf2 Bg4 31. Rd2 Rfe8 32. h3 Bc8 33. Rde2 Bb7 34. Qa3 Ra8 35. Qa4 Qf7 36. Rd2 f5 37. dxc5 dxc5 38. Rd7 Re7 39. Rxe7 Qxe7 40. exf5 Qf7 41. Bxb7 Qxb7 42. Re8+ Rxe8 43. Qxe8+ Kh7 44. Qg6+ Kh8 45. f6 1-0

[Event "Stara Lubovna op"]
[Site "Stara Lubovna"]
[Date "2017.05.07"]
[Round "6"]
[White "Pytlik, Pavol"]
[Black "Podoba, Milan"]
[Result "1/2-1/2"]
[WhiteElo "2099"]
[BlackElo "2033"]
[PlyCount "34"]
[EventDate "2017.05.05"]
[EventType "swiss"]
[EventRounds "7"]
[EventCountry "SVK"]
[SourceTitle "CBM 178 Extra"]
[Source "ChessBase"]
[SourceDate "2017.06.22"]
[SourceVersion "1"]
[SourceVersionDate "2017.06.22"]
[SourceQuality "1"]

1. g3 d5 2. Bg2 Nf6 3. d3 c6 4. Nd2 Bg4 5. Ngf3 Nbd7 6. 0-0 e5 7. e4 dxe4 8. Nxe4 Nxe4 9. dxe4 Bc5 10. h3 Bh5 11. Qe2 0-0 12. Be3 Qe7 13. Rfd1 Rfd8 14. Rd2 Nb6 15. Bxc5 Qxc5 16. Rad1 Rxd2 17. Qxd2 f6 1/2-1/2

[Event "SVK-chT2B 1617"]
[Site "Slovakia"]
[Date "2017.03.11"]
[Round "10.5"]
[White "Pytlik, Pavol"]
[Black "Banszegi, Attila"]
[Result "1-0"]
[WhiteElo "2074"]
[BlackElo "2022"]
[PlyCount "115"]
[EventDate "2016.10.08"]
[EventType "team-tourn"]
[EventRounds "11"]
[EventCountry "SVK"]
[SourceTitle "EXT 2018"]
[Source "ChessBase"]
[SourceDate "2017.10.13"]
[SourceVersion "1"]
[SourceVersionDate "2017.10.13"]
[SourceQuality "1"]
[WhiteTeam "Trencin"]
[BlackTeam "Batorove Kosihy"]
[WhiteTeamCountry "SVK"]
[BlackTeamCountry "SVK"]

1. Nf3 Nf6 2. g3 g6 3. Bg2 Bg7 4. d3 d5 5. c3 c5 6. 0-0 0-0 7. Qc2 Nc6 8. Nbd2 e5 9. e4 d4 10. c4 h6 11. a3 a5 12. b3 Be6 13. h3 Qd7 14. Kh2 Nh7 15. Ng1 f5 16. exf5 gxf5 17. f4 Kh8 18. fxe5 Bxe5 19. Ne2 Rg8 20. Nf3 Bc7 21. Bf4 Rg7 22. Qd2 Rag8 23. Rg1 Nf6 24. Bxc7 Ng4+ 25. hxg4 Qxc7 26. Nh4 Kh7 27. Bxc6 Rxg4 28. Nf4 bxc6 29. Rae1 Bc8 30. Qf2 R8g7 31. Rg2 Qd6 32. Kg1 Bd7 33. Kf1 Qb8 34. Ne6 Bxe6 35. Rxe6 f4 36. gxf4 Qxb3 37. Rxg4 Qxd3+ 38. Qe2 Qxe2+ 39. Rxe2 Rxg4 40. Re7+ Kg8 41. Ng2 Rg3 42. Rc7 Rc3 43. Rxc6 Rxc4 44. Rxh6 Rc1+ 45. Ke2 Rc2+ 46. Kf3 Kf7 47. a4 Ke7 48. Ra6 Kd7 49. f5 c4 50. Nf4 Rc1 51. Rxa5 Kc6 52. f6 Rf1+ 53. Ke4 Rxf4+ 54. Kxf4 c3 55. f7 c2 56. Rc5+ Kxc5 57. f8Q+ Kc4 58. Qa3 1-0